[Event "ESP-ch Amateurs U1700"]
[Site "Murcia"]
[Date "2022.09.01"]
[Round "5.5"]
[White "Sanchez Crespo, Jesus"]
[Black "Valsera Gomez, Minerva"]
[Result "1-0"]
[WhiteElo "1606"]
[BlackElo "1513"]
[PlyCount "45"]
[EventDate "2022.08.30"]
[EventType "swiss"]
[EventRounds "9"]
[EventCountry "ESP"]
[SourceTitle "EXT 2024"]
[Source "ChessBase"]
[SourceDate "2023.10.10"]
[SourceVersion "1"]
[SourceVersionDate "2023.10.10"]
[SourceQuality "1"]

1. e4 c5 2. Nf3 Nc6 3. d4 cxd4 4. Nxd4 Nf6 5. Nc3 d6 6. h3 g6 7. g3 Bg7 8. Nde2 0-0 9. Bg2 Rb8 10. a4 b6 11. 0-0 Bb7 12. Bg5 h6 13. Be3 Qc7 14. Qc1 Kh7 15. f4 e6 16. g4 Ne7 17. Nd4 a6 18. Nb3 d5 19. e5 Nd7 20. a5 Nc6 21. axb6 Nxb6 22. Bc5 Ne7 23. Bd6 1-0

[Event "ESP-ch Amateurs U1700"]
[Site "Murcia"]
[Date "2022.08.31"]
[Round "3.8"]
[White "Valsera Gomez, Minerva"]
[Black "Gimenez Perez, Jaime"]
[Result "1-0"]
[WhiteElo "1513"]
[BlackElo "1623"]
[PlyCount "153"]
[EventDate "2022.08.30"]
[EventType "swiss"]
[EventRounds "9"]
[EventCountry "ESP"]
[SourceTitle "EXT 2024"]
[Source "ChessBase"]
[SourceDate "2023.10.10"]
[SourceVersion "1"]
[SourceVersionDate "2023.10.10"]
[SourceQuality "1"]

1. e4 e5 2. Nf3 Nc6 3. Bc4 Nf6 4. d3 Be7 5. c3 0-0 6. 0-0 d5 7. exd5 Nxd5 8. Re1 Bg4 9. Nbd2 Kh8 10. h3 Bh5 11. Ne4 f6 12. Ng3 Bf7 13. Nf5 Bd6 14. Nxd6 cxd6 15. Bb3 Qd7 16. d4 Rad8 17. Bc2 f5 18. dxe5 Rde8 19. exd6 Rxe1+ 20. Qxe1 Qxd6 21. Be3 Nxe3 22. Qxe3 Bg6 23. Rd1 Qc7 24. Qc5 Qf7 25. Bb3 Qf6 26. Qd6 Bh5 27. Qxf6 Rxf6 28. Rd3 h6 29. Nd4 Rd6 30. Bc2 Nxd4 31. Rxd4 Rxd4 32. cxd4 f4 33. Be4 b6 34. Kf1 Kg8 35. Ke1 Kf8 36. Kd2 Ke7 37. Kd3 Kd6 38. g3 fxg3 39. fxg3 Bf7 40. a3 Be8 41. Kc4 Bd7 42. h4 Be8 43. Bb7 Bg6 44. Kc3 Bh5 45. Kd3 Bf7 46. Ke4 Bg6+ 47. Kf4 Be8 48. Kf5 Bf7 49. g4 a5 50. Ke4 Be8 51. Kf5 Bf7 52. g5 hxg5 53. Kxg5 b5 54. Ba8 b4 55. axb4 axb4 56. Bf3 Be8 57. Bb7 Bf7 58. Ba8 Bd5 59. Bxd5 Kxd5 60. Kg6 Kxd4 61. Kxg7 Kc4 62. h5 Kb3 63. h6 Kxb2 64. h7 b3 65. h8Q Ka2 66. Qa8+ Kb1 67. Kf6 b2 68. Ke5 Kc1 69. Qc6+ Kd2 70. Qd5+ Kc1 71. Qc4+ Kd2 72. Qb3 Kc1 73. Qc3+ Kb1 74. Kd4 Ka2 75. Qc2 Ka1 76. Qa4+ Kb1 77. Kc3 1-0

[Event "ESP-ch U14"]
[Site "Salobrena"]
[Date "2021.07.14"]
[Round "4"]
[White "Valsera Gomez, Minerva"]
[Black "Gomez Pastrana, Juan"]
[Result "0-1"]
[WhiteElo "1299"]
[BlackElo "1705"]
[PlyCount "72"]
[EventDate "2021.07.12"]
[EventType "swiss"]
[EventRounds "9"]
[EventCountry "ESP"]
[SourceTitle "EXT 2022"]
[Source "ChessBase"]
[SourceDate "2021.10.06"]
[SourceVersion "1"]
[SourceVersionDate "2021.10.06"]
[SourceQuality "1"]

1. e4 e6 2. d4 d5 3. e5 c5 4. c3 Nc6 5. Nf3 Qb6 6. a3 c4 7. Nbd2 Na5 8. Rb1 Bd7 9. b4 cxb3 10. Nxb3 Ba4 11. Nfd2 Rc8 12. Qc2 Qc7 13. Bb2 Ne7 14. Ba1 Nc4 15. Qc1 Nxd2 16. Nxd2 a6 17. Bd3 Ng6 18. g3 Be7 19. Qb2 Bc6 20. f4 Qa5 21. Nb3 Qc7 22. 0-0 f5 23. Rfc1 b5 24. Qa2 Kf7 25. h4 Nf8 26. Be2 g6 27. Kf2 Nd7 28. Nd2 h6 29. Rh1 Nb6 30. Bd1 Nc4 31. Nxc4 dxc4 32. Bf3 g5 33. Bxc6 Qxc6 34. Rbe1 gxf4 35. gxf4 Rhg8 36. Rh2 Bxh4+ 0-1

[Event "ESP-chT Regional U14"]
[Site "Gijon"]
[Date "2021.06.19"]
[Round "5.4"]
[White "Carrasco Gomez, Adahara"]
[Black "Valsera Gomez, Minerva"]
[Result "1-0"]
[WhiteElo "1458"]
[BlackElo "1284"]
[PlyCount "35"]
[EventDate "2021.06.17"]
[EventType "team-swiss"]
[EventRounds "6"]
[EventCountry "ESP"]
[SourceTitle "EXT 2022"]
[Source "ChessBase"]
[SourceDate "2021.10.06"]
[SourceVersion "1"]
[SourceVersionDate "2021.10.06"]
[SourceQuality "1"]
[WhiteTeam "Catalunya U14"]
[BlackTeam "Murcia U14"]
[WhiteTeamCountry "ESP"]
[BlackTeamCountry "ESP"]

1. e4 c5 2. Nc3 Nc6 3. Bb5 g6 4. Bxc6 bxc6 5. f4 Bg7 6. d3 d5 7. Nf3 Bg4 8. 0-0 e6 9. Qe1 Bxf3 10. Rxf3 Ne7 11. f5 Bd4+ 12. Kh1 exf5 13. exf5 0-0 14. f6 Nc8 15. Qh4 Re8 16. Bh6 Re6 17. Bg7 Nd6 18. Qxh7+ 1-0